International Journal of the Classical Tradition
محفوظ في:
التنسيق: دورية
اللغة: Undetermined
منشور في:
JSTOR
Springer
الموضوعات:
الوصول للمادة أونلاين: Login to view Source
الوسوم: إضافة وسم
لا توجد وسوم, كن أول من يضع وسما على هذه التسجيلة!
رقم الطلب:
| LEADER | 00513nas a2200169Ia 4500 | ||
|---|---|---|---|
| 008 | 220214c99999999xx |||||||||||| ||und|| | ||
| 022 | |a 1073-0508 | ||
| 022 | |a 1874-6292 | ||
| 245 | 0 | 0 | |a International Journal of the Classical Tradition |
| 264 | 1 | |b JSTOR | |
| 264 | 1 | |b Springer | |
| 362 | 0 | |a Vol. 1(1994)-23 (2016) | |
| 653 | 1 | 0 | |a Humanities |
| 856 | 4 | 0 | |u https://www.jstor.org/journal/intjclasstrad |
| 942 | |c JL | ||
| 952 | |0 0 |1 0 |4 0 |7 1 |9 35342 |a JSR |b JSR |d 2022-02-14 |l 0 |r 2022-02-14 00:00:00 |w 2022-02-14 |y JL | ||
| 999 | |c 43675 |d 43675 | ||
